Sacramento Kings: Top 10 All-Time Leaders - Statistics

General Stats
  • This quiz has been taken 501 times
    48 since last reset
  • The average score is 47 of 100
Answer Stats
Category # Player Amount % Correct
Points 4 De'Aaron Fox 11,064
92%
Assists 4 De'Aaron Fox 3,146
92%
Steals 2 De'Aaron Fox 731
92%
Three Pointers Made 4 De'Aaron Fox 789
92%
Points Per Game 5 De'Aaron Fox 21.5
92%
Points 1 Oscar Robertson 22,099
92%
Rebounds 3 Oscar Robertson 6,380
92%
Assists 1 Oscar Robertson 7,731
92%
Points Per Game 1 Oscar Robertson 29.3
92%
Games 3 Oscar Robertson 752
92%
Triple-Doubles 1 Oscar Robertson 176
92%
Points 7 DeMarcus Cousins 9,894
84%
Rebounds 6 DeMarcus Cousins 5,056
84%
Steals 5 DeMarcus Cousins 661
84%
Blocks 4 DeMarcus Cousins 558
84%
Points Per Game 8 DeMarcus Cousins 21.1
84%
Triple-Doubles T7 DeMarcus Cousins 6
84%
Field Goal Percent 3 Domantas Sabonis 59.3%
84%
Triple-Doubles 2 Domantas Sabonis 50
84%
Rebounds 8 Chris Webber 4,006
80%
Steals 8 Chris Webber 568
80%
Blocks 5 Chris Webber 553
80%
Points Per Game 3 Chris Webber 23.5
80%
Triple-Doubles 3 Chris Webber 14
80%
Blocks 6 Vlade Divac 523
76%
Triple-Doubles T9 Vlade Divac 4
76%
Assists 6 Mike Bibby 2,580
72%
Steals 7 Mike Bibby 584
72%
Three Pointers Made 5 Mike Bibby 775
72%
Games 9 Peja Stojaković 518
72%
Games 10 Mitch Richmond 517
68%
Points 3 Mitch Richmond 12,070
64%
Assists 10 Mitch Richmond 2,128
64%
Steals 4 Mitch Richmond 670
64%
Three Pointers Made 3 Mitch Richmond 993
64%
Points Per Game 4 Mitch Richmond 23.3
64%
Games 4 Adrian Smith 653
60%
Points 10 Eddie Johnson 9,027
60%
Points 2 Jack Twyman 15,840
60%
Rebounds 5 Jack Twyman 5,424
60%
Games 2 Jack Twyman 823
60%
Field Goal Percent 5 Michael Smith 54.8%
60%
Steals 10 Peja Stojackovic 543
60%
Three Pointers Made 2 Peja Stojaković 1,070
60%
Field Goal Percent 2 Steve Johnson 60.4%
60%
Steals 3 Doug Christie 717
56%
Points 9 Jerry Lucas 9,107
52%
Rebounds 2 Jerry Lucas 8,876
52%
Three Pointers Made 1 Buddy Hield 1,248
48%
Points Per Game 7 DeMar DeRozan 21.1
48%
Three Pointers Made 7 Keegan Murray 568
48%
Points 5 Tiny Archibald 10,894
48%
Assists 3 Tiny Archibald 3,499
48%
Points Per Game 2 Tiny Archibald 25.2
48%
Blocks 9 Brad Miller 353
44%
Three Pointers Made 6 Harrison Barnes 678
36%
Three Pointers Made 8 Malik Monk 509
32%
Points 6 Sam Lacey 9,895
28%
Rebounds 1 Sam Lacey 9,353
28%
Assists 2 Sam Lacey 3,563
28%
Steals 1 Sam Lacey 950
28%
Blocks 1 Sam Lacey 1,098
28%
Games 1 Sam Lacey 888
28%
Triple-Doubles 6 Sam Lacey 9
28%
Rebounds 10 Jason Thompson 3,746
24%
Blocks 7 Jason Thompson 394
24%
Games 8 Jason Thompson 541
24%
Field Goal Percent 4 Johnny Green 57.5%
24%
Rebounds 7 LaSalle Thompson 4,214
24%
Blocks 2 LaSalle Thompson 697
24%
Points Per Game 6 Otis Birdsong 21.2
24%
Rebounds 4 Wayne Embry 6,257
24%
Games 5 Wayne Embry 603
24%
Assists 9 Bob Davies 2,250
20%
Three Pointers Made 10 Kevin Martin 459
20%
Triple-Doubles 5 Maurice Stokes 11
20%
Points 8 Peja Stojaković 9,498
20%
Triple-Doubles T9 Russell Westbrook 4
20%
Rebounds 9 Arnie Risen 3,812
16%
Triple-Doubles T7 Rajon Rondo 6
16%
Assists 5 Reggie Theus 2,809
16%
Field Goal Percent 8 Willie Cauley-Stein 53.4%
16%
Games 6 Bobby Wanzer 568
12%
Points Per Game 10 Antoine Carr 19.7
8%
Blocks 10 Francisco Garcia 343
8%
Three Pointers Made 9 Francisco Garcia 475
8%
Assists 8 Phil Ford 2,322
8%
Field Goal Percent 1 Richaun Holmes 64.4%
8%
Steals 6 Scott Wedman 640
8%
Games 7 Scott Wedman 546
8%
Field Goal Percent 7 Kosta Koufos 54.2%
4%
Assists 7 Larry Drew 2,409
4%
Blocks 8 Lionel Simmons 361
4%
Steals 9 Mike Woodson 564
4%
Triple-Doubles 4 Norm Van Lier 13
4%
Field Goal Percent 6 Otis Thorpe 54.2%
4%
Blocks 3 Duane Causwell 695
0%
Field Goal Percent 9 Joe Meriweather 52.7%
0%
Field Goal Percent 10 Matt Guokas 52.2%
0%
Points Per Game 9 Ron Boone 19.9
0%
No matching quizzes found
Score Distribution
Percent of People with Each Score
Percentile by Number Answered
Your Score History
You have not taken this quiz since the last reset